000 03136cam a22004574i 4500
003 PE-LiUPU
005 20250731165420.0
008 151218s2010 pe a grm 000 0 spa d
035 _a(Sirsi) a155576
040 _aPE-LiUPU
_bspa
_cPE-LiUPU
_erda
082 0 4 _a658.306
_bP26 T3
099 _aTA 3
_bP26 2010
100 1 _aParedes Abanto, Karina Elizabeth
_eautor
245 1 _aInfluencia del clima organizacional en el desempeño laboral de los directores de las Escuelas Académico Profesional de la Universidad Peruana Unión /
_cKarina Elizabeth Paredes Abanto.
264 0 _c2010.
300 _a92 hojas
_c30 cm
336 _atext
_2rdacontent
337 _aunmediated
_2rdamedia
338 _avolume
_2rdacarrier
502 _aTesis
_b(Mg.) --
_cUniversidad Peruana Unión,
_d2010.
504 _aIncluye referencias
520 3 _aLa presente investigación tiene por objetivo determinar la influencia del clima organizacional en el desempeño laboral de los directores de las Escuelas Académico Profesional de la Universidad Peruana unión. El tipo de investigación es descriptiva y explicativa con un diseño no experimental de corte transversal. Es de tipo descriptiva pues se hace una descripción de los niveles de cada variable de estudio y explicativa porque se explica la influencia del clima organizacional en el desempeño laboral. El diseño es no experimental, porque no se manipula variables de estudio y para probar el efecto se utiliza influencia probabilística con redes bayesianas. La muestra de estudio está conformada por 25 directores, que al mismo tiempo constituye la población. Para medir clima organizacional se ha utilizado el cuestionario de Palma Carrillo. Para la confiabilidad del instrumento, los métodos de Alfa de Crombach y Split Half de Guttman, evidenciando correlaciones de 0,97 y 0,90 respectivamente (Palma Carrillo, 2004). Para medir el desempeño laboral se creó un instrumento validado por juicio de expertos. Los resultados muestran que, las dimensiones de autorrealización, involucramiento, supervisión, comunicación y condición laboral, tienen una influencia probabilística positiva sobre el desempeño laboral de los directores de las Escuelas Académico Profesionales de la Universidad Peruana Unión ya que cada vez que se mejora la probabilidad de una dimensión del clima organizacional, la probabilidad del desempeño mejora. En efecto, se concluye que el clima tiene una influencia probabilística en el desempeño de los directores de las Escuelas Académico Profesionales de la Universidad Peruana Unión.
526 _aSEG44
526 _aSEG26
526 _aP151
526 _aP150
526 _aP149
526 _aP146
526 _aP145
526 _aP126
526 _aP125
526 _aP92
526 _aP75
526 _aP74
526 _aP27
526 _aP15
650 0 4 _aTrabajo
_xClima organizacional
_vTesis.
596 _a1
942 _2ddc
_cTESIS
999 _aTA 3 P26 2010
_wALPHANUM
_c8252
_iT01205
_lCCODEBUL3
_mBUL
_r1
_sY
_tTESIS
_u2015-12-18
_xPOSGRADO
_PP47
_o.STAFF. Tesis
_d8252
980 _81
_gALBERTO SANCHEZ Responsable de Automatización